Paroles Générique de dessin animé Inazuma Eleven - Statistiques

Statistiques générales
  • Ce quiz a été pris 8 147 fois
  • Le résultat moyen est 110 sur 149
Statistiques - réponses
Paroles % Correct
la
95%
en
94%
(En
94%
est
94%
Inazuma
94%
à
92%
a
92%
victoire
92%
(Champion !)
91%
champion !
91%
et
91%
Et
91%
toi !
91%
toi
91%
le
90%
cours
88%
on
87%
On
87%
Vas-y
86%
tous
84%
Axel
82%
du
81%
De
80%
de
80%
Eleven
80%
Eleven !
80%
Avec
78%
il
77%
l'abri
76%
c'est
74%
C'est
74%
génie
74%
les
74%
Sur
74%
terrain
74%
nous
72%
s'en
71%
match
70%
sa
68%
dans
66%
même
66%
sera
66%
sortira
66%
allié
65%
notre
65%
Si
65%
vaincra
65%
qui
64%
Avant !)
63%
l'amitié
63%
pour
63%
Pour
63%
boue
62%
Entre
62%
ne
62%
dur
61%
fait
61%
jamais
61%
triompher !
61%
champions
59%
renoncer
59%
des
57%
marque
57%
tout
57%
buts
55%
normal !
55%
un
55%
devra
54%
force
54%
fera
53%
finale
53%
foudre
53%
arriver
52%
nos
52%
gagnera
51%
donnera
50%
protègera
49%
d'Inazuma !
48%
marquer
48%
stade
48%
rêves
47%
folie
46%
sans
45%
bâtira
39%
salue
39%
Hey !
33%
larmes
33%
sueur
33%
sont
32%
joie !
31%
supporters
30%
Quand
29%
trêve
25%
Aucun quiz correspondant
Distribution des résultats
% des personnes avec chaque résultat
Percentile par nombre de réponses
Votre historique - résultats
Vous n’avez pas pris ce quiz